000 00347nam a2200145Ia 4500
008 240624s9999 xx 000 0 und d
041 _aeng
082 _a658.3 DEC
100 _aDECENZO DAVID A
245 _aHUMAN RESOURCE MANAGEMENT
250 _a(11th ed.)
260 _aNew Delhi
_bWiley
300 _a424 : p. : cm. ; 28
365 _cRS
_b33
999 _c26339
_d26339